Geography Quiz

Random Geography or Blitz Quiz

Click the Kalahari Desert Countries Quiz Stats

 Plays Quiz Updated Mar 13, 2018

Challenge
Share
Tweet
Score 0/6 Timer 00:30
0 Plays Today
% Correct
South Africa
97.7%
Namibia
91%
Botswana
89%
Angola
86.1%
Zimbabwe
83%
Zambia
77.7%

You're not logged in!

Compare scores with friends on all Sporcle quizzes.
Join for Free
OR
Log In

You Might Also Like...

Show Comments

Extras

Top Quizzes Today


Score Distribution

Your Account Isn't Verified!

In order to create a playlist on Sporcle, you need to verify the email address you used during registration. Go to your Sporcle Settings to finish the process.

Report this User

Report this user for behavior that violates our Community Guidelines.

Details: